LEADER 00970cam0-2200313---450- 001 990005115990403321 005 20151002115123.0 035 $a000511599 035 $aFED01000511599 035 $a(Aleph)000511599FED01 035 $a000511599 100 $a19990604f19501970km-y0itay50------ba 101 0 $aeng 102 $aIT 105 $a--------001yy 200 1 $aBudding America$fG. Cambon 210 $aMilano$cInsitut des hautes études d'interprétariat$d[195-] 215 $a115 p.$d25 cm 304 $aSul front.: Institut des Hautes Etudes d'Interpretariat, Milan-Paris-Rome, Scuola interpreti 610 0 $aLetteratura americana$aSec. 19.$aSaggi critici 676 $a810.9003$v22$zita 700 1$aCambon,$bGlauco$f<1921-1988>$0159835 801 0$aIT$bUNINA$gRICA$2UNIMARC 901 $aBK 912 $a990005115990403321 952 $a810.9003 CAM 1$bIst.f.m. s.i.$fFLFBC 959 $aFLFBC 996 $aBudding America$9533960 997 $aUNINA LEADER 01394nam--2200457---450- 001 990002324900203316 005 20100920095917.0 035 $a000232490 035 $aUSA01000232490 035 $a(ALEPH)000232490USA01 035 $a000232490 100 $a20050103d1965----km-y0itay0103----ba 101 $aita 102 $aIT 105 $a||||||||001yy 200 1 $a<> gestioni erogatrici private$fNapoleone Rossi 210 $aTorino$cUTET$d1965 215 $aXII, 628 p.$d25 cm 410 0$12001 454 1$12001 461 1$1001-------$12001 676 $a658.15 676 $a657 700 1$aROSSI,$bNapoleone$0108327 801 0$aIT$bsalbc$gISBD 912 $a990002324900203316 951 $a658.15 ROS 3 (IRA 27 34)$b88 E.C.$cIRA 27$d00012476 951 $a658.15 ROS 3a (IRA 27 35)$b323 E.C.$cIRA 27$d00012493 959 $aBK 969 $aECO 979 $aSIAV7$b10$c20050103$lUSA01$h1330 979 $aRSIAV3$b90$c20090204$lUSA01$h1712 979 $aRSIAV3$b90$c20090204$lUSA01$h1714 979 $aRSIAV3$b90$c20090204$lUSA01$h1719 979 $aRSIAV3$b90$c20090204$lUSA01$h1721 979 $aRSIAV3$b90$c20090204$lUSA01$h1732 979 $aRSIAV3$b90$c20090205$lUSA01$h1033 979 $aRSIAV3$b90$c20090205$lUSA01$h1036 979 $aRSIAV4$b90$c20100920$lUSA01$h0959 996 $aGestioni erogatrici private$9428760 997 $aUNISA LEADER 01041nam0-22003251i-450 001 990001650120403321 005 20190529131323.0 035 $a000165012 035 $aFED01000165012 035 $a(Aleph)000165012FED01 035 $a000165012 100 $a20030910d1969----km-y0itay50------ba 101 0 $aita 200 1 $aContributo alla conoscenza della composizione del vino bianco dell' Isola d'Ischia$fF. Albonico, F. Addeo, B. Mincione 210 $aConegliano$c...$d1969 215 $a27 p.$d25 cm 300 $aEstr. da: Rivista di viticoltura e di enologia di Conegliano, n. 11,1969. 610 0 $aVini 610 0 $aEnologia 676 $a663.2 700 1$aAlbonico,$bFlaminio$0353274 702 1$aAddeo,$bFrancesco 702 1$aMincione,$bBiagio 801 0$aIT$bUNINA$gRICA$2UNIMARC 901 $aLG 912 $a990001650120403321 952 $a60 OP. 80/28$b43767$fFAGBC 959 $aFAGBC 996 $aContributo alla conoscenza della composizione del vino bianco dell' Isola d'Ischia$9372603 997 $aUNINA